000 00455pab a2200181 454500
008 180718b2004 xxu||||| |||| 00| 0 eng d
100 _aUpadhye, Nitin
245 _aLean manufacturing in Indian industry
260 _c2004
300 _ap.42-53.
362 _aApr-Jun
650 _aManufacturing industry - India
650 _aManufacturing industry
700 _aDeshmukh, S.G.
700 _aGarg, S.
773 _aProductivity
909 _a63736
999 _c63736
_d63736